[Event "Santiago de Cuba Province-ch Mix2"]
[Site "Santiago de Cuba"]
[Date "2018.09.21"]
[Round "5"]
[White "Cabrera Ladron de Guevara, Mayra"]
[Black "Morales Cedeno, Andres"]
[Result "1-0"]
[WhiteElo "2091"]
[BlackElo "2089"]
[PlyCount "59"]
[EventDate "2018.09.19"]
[EventType "tourn"]
[EventRounds "10"]
[EventCountry "CUB"]
[SourceTitle "EXT 2021"]
[Source "ChessBase"]
[SourceDate "2020.10.23"]
[SourceVersion "1"]
[SourceVersionDate "2020.10.23"]
[SourceQuality "1"]

1. e4 e6 2. Qe2 c5 3. Nf3 Nc6 4. Nc3 a6 5. g3 Nb4 6. d3 Be7 7. a3 Nc6 8. e5 d5 9. Bg2 h5 10. h4 Nh6 11. Bh3 b5 12. 0-0 Bb7 13. Bf4 Ng4 14. Rae1 Nd4 15. Nxd4 cxd4 16. Nb1 g5 17. hxg5 Bxg5 18. Qf3 Rc8 19. Rc1 Qe7 20. Nd2 Nxe5 21. Bxe5 Rg8 22. Bf4 h4 23. Nb3 Qf6 24. Qg4 Ke7 25. Bxg5 Rxg5 26. Qxd4 e5 27. Qb4+ Ke8 28. Qxh4 Qg6 29. Na5 Rh5 30. Qg4 1-0

[Event "Santiago de Cuba Province-ch Mix2"]
[Site "Santiago de Cuba"]
[Date "2018.09.21"]
[Round "4"]
[White "Morales Cedeno, Andres"]
[Black "Vazquez Lopez, Roberto Carlos"]
[Result "1/2-1/2"]
[WhiteElo "2089"]
[BlackElo "2158"]
[PlyCount "84"]
[EventDate "2018.09.19"]
[EventType "tourn"]
[EventRounds "10"]
[EventCountry "CUB"]
[SourceTitle "EXT 2021"]
[Source "ChessBase"]
[SourceDate "2020.10.23"]
[SourceVersion "1"]
[SourceVersionDate "2020.10.23"]
[SourceQuality "1"]

1. e4 e5 2. Bc4 Nf6 3. Qe2 Nc6 4. Nf3 Bc5 5. c3 d6 6. b4 Bb6 7. a4 a5 8. b5 Ne7 9. d3 0-0 10. 0-0 Ng6 11. Be3 Ba7 12. Qa2 c6 13. Re1 d5 14. exd5 cxd5 15. Bb3 b6 16. Nbd2 h6 17. d4 Bb8 18. dxe5 Nxe5 19. Nxe5 Bxe5 20. Bxb6 Bxh2+ 21. Kxh2 Qxb6 22. Kg1 Be6 23. Rac1 Rac8 24. Qb1 Ng4 25. Re2 Qd6 26. Nf3 Nf6 27. Nd4 Qf4 28. g3 Qg5 29. Rxe6 fxe6 30. Nxe6 Qh5 31. Bd1 Qe5 32. Nxf8 Qe1+ 33. Kg2 Ne4 34. Qb2 Rxc3 35. Rxc3 Nd2 36. Be2 Qxe2 37. Qc1 d4 38. Rc8 Qe4+ 39. Kh3 Qf5+ 40. Kg2 Qe4+ 41. Kh3 Qf5+ 42. Kg2 Qe4+ 1/2-1/2

[Event "Moncada Cup-E"]
[Site "Santiago de Cuba"]
[Date "2018.03.23"]
[Round "5"]
[White "Bosch Valls, Leannet Mariah"]
[Black "Morales Cedeno, Andres"]
[Result "1/2-1/2"]
[WhiteElo "2039"]
[BlackElo "2058"]
[PlyCount "137"]
[EventDate "2018.03.20"]
[EventType "tourn"]
[EventRounds "10"]
[EventCountry "CUB"]
[SourceTitle "EXT 2021"]
[Source "ChessBase"]
[SourceDate "2020.10.23"]
[SourceVersion "1"]
[SourceVersionDate "2020.10.23"]
[SourceQuality "1"]

1. e4 e5 2. Nf3 Nc6 3. d4 exd4 4. Nxd4 Bc5 5. Be3 Qf6 6. c3 Nge7 7. Bc4 d6 8. 0-0 Bd7 9. Kh1 Ne5 10. Be2 h5 11. Nb5 Bxb5 12. Bxb5+ c6 13. Bxc5 dxc5 14. Be2 N7g6 15. f4 Ng4 16. Bxg4 hxg4 17. Qxg4 Rh4 18. Qf5 Qxf5 19. exf5 Rxf4 20. Rxf4 Nxf4 21. Nd2 Rd8 22. Nf3 Rd5 23. g4 c4 24. Re1+ Kf8 25. Kg1 Nd3 26. Rb1 Ra5 27. b3 Rxa2 28. bxc4 Nc5 29. Nd4 Ra3 30. Ne2 a5 31. g5 Ra2 32. Nd4 a4 33. f6 a3 34. Nxc6 Rb2 35. Rd1 gxf6 36. gxf6 Kg8 37. Ne7+ Kh7 38. Rd5 Kh6 39. Rxc5 a2 40. Ra5 Rb1+ 41. Kf2 a1Q 42. Rxa1 Rxa1 43. Ke3 Kg5 44. Nd5 Rh1 45. Kd4 Rxh2 46. Kc5 Rh4 47. Kb5 Kf5 48. c5 Ke5 49. c4 Rh1 50. c6 bxc6+ 51. Kxc6 Kd4 52. Kd7 Kxc4 53. Ne7 Rf1 54. Ng8 Rg1 55. Ne7 Rf1 56. Ng8 Re1 57. Nh6 Re6 58. Nxf7 Rxf6 59. Ke7 Ra6 60. Kd7 Kd5 61. Ke7 Re6+ 62. Kf8 Re1 63. Kg7 Ke6 64. Kg6 Rg1+ 65. Ng5+ Ke5 66. Kh6 Kf5 67. Nh7 Rg6+ 68. Kh5 Rg7 69. Kh6 1/2-1/2

[Event "Moncada Cup-E"]
[Site "Santiago de Cuba"]
[Date "2018.03.22"]
[Round "3"]
[White "Suarez Aguilera, Omar Eduardo"]
[Black "Morales Cedeno, Andres"]
[Result "1-0"]
[WhiteElo "2051"]
[BlackElo "2058"]
[PlyCount "123"]
[EventDate "2018.03.20"]
[EventType "tourn"]
[EventRounds "10"]
[EventCountry "CUB"]
[SourceTitle "EXT 2021"]
[Source "ChessBase"]
[SourceDate "2020.10.23"]
[SourceVersion "1"]
[SourceVersionDate "2020.10.23"]
[SourceQuality "1"]

1. d4 d5 2. c4 dxc4 3. e4 e5 4. Nf3 exd4 5. Bxc4 Bb4+ 6. Bd2 Bxd2+ 7. Nbxd2 Nh6 8. 0-0 c5 9. Rc1 0-0 10. Nb3 Nd7 11. Bd5 Rb8 12. Nxc5 Nxc5 13. Rxc5 b6 14. Rc1 Ba6 15. Re1 d3 16. Ne5 Qf6 17. Nxd3 Bxd3 18. Qxd3 Qxb2 19. Rc2 Qe5 20. h3 Rbd8 21. Qc3 Qe7 22. Re3 Kh8 23. Qa3 Qe5 24. Qxa7 f5 25. Qc7 Qa1+ 26. Rc1 Qb2 27. Qc3 Qxc3 28. Rexc3 fxe4 29. Bxe4 Rd2 30. R3c2 Rd6 31. Rc6 Rxc6 32. Rxc6 Rb8 33. f4 Ng8 34. g4 Nf6 35. Bf3 Ng8 36. Kf2 Ne7 37. Rc7 Ng6 38. f5 Nf4 39. Kg3 Nd3 40. Bb7 Nc5 41. Rc8+ Rxc8 42. Bxc8 Kg8 43. Be6+ Kf8 44. Bc4 Ke7 45. Kf4 Kd6 46. g5 Nd7 47. Be6 Nf8 48. Bg8 Ke7 49. Ke5 h6 50. f6+ gxf6+ 51. gxf6+ Kd7 52. Bf7 Kc7 53. Bg8 Kd7 54. Kd5 Ng6 55. Be6+ Kc7 56. f7 Nf8 57. Bf5 h5 58. h4 b5 59. a3 b4 60. axb4 Kd8 61. Kd6 Nd7 62. b5 1-0

[Event "Moncada Cup-E"]
[Site "Santiago de Cuba"]
[Date "2018.03.20"]
[Round "1"]
[White "Robles Cordero, David Rafael"]
[Black "Morales Cedeno, Andres"]
[Result "1/2-1/2"]
[WhiteElo "1968"]
[BlackElo "2058"]
[PlyCount "101"]
[EventDate "2018.03.20"]
[EventType "tourn"]
[EventRounds "10"]
[EventCountry "CUB"]
[SourceTitle "EXT 2021"]
[Source "ChessBase"]
[SourceDate "2020.10.23"]
[SourceVersion "1"]
[SourceVersionDate "2020.10.23"]
[SourceQuality "1"]

1. e4 e5 2. Nf3 Nc6 3. Bc4 Be7 4. Nc3 Nf6 5. d4 d6 6. h3 a6 7. 0-0 0-0 8. Re1 b5 9. Bd5 Nxd5 10. Nxd5 Bb7 11. c3 Bf6 12. Nxf6+ Qxf6 13. Bg5 Qg6 14. d5 Nb8 15. Be7 Re8 16. Nh4 Qh6 17. Nf5 Qg6 18. Re3 Bc8 19. Rg3 Bxf5 20. Rxg6 Bxg6 21. Bh4 Bxe4 22. a4 Nd7 23. f3 Bg6 24. Bf2 h5 25. Qe2 e4 26. f4 Rab8 27. axb5 Rxb5 28. c4 Rb3 29. Ra3 Rb7 30. Rxa6 Reb8 31. Ra2 Rb3 32. Bd4 Rd3 33. Bc3 Nb6 34. g4 hxg4 35. hxg4 f5 36. gxf5 Bxf5 37. Ra7 Rg3+ 38. Kf2 Rh3 39. Kg2 Nd7 40. Rxc7 Kf7 41. Rxd7+ Bxd7 42. Qxe4 Rbh8 43. Kg1 Rg3+ 44. Kf2 Rgh3 45. f5 R8h4 46. Qb1 Rh2+ 47. Ke3 R4h3+ 48. Kd4 Rh4+ 49. Ke3 R2h3+ 50. Kd2 Rh2+ 51. Ke3 1/2-1/2

[Event "Bayamo Cespedes tt"]
[Site "Bayamo"]
[Date "2018.03.06"]
[Round "10.3"]
[White "Ordonez Peregrino, Jordan"]
[Black "Morales Cedeno, Andres"]
[Result "1/2-1/2"]
[WhiteElo "2058"]
[BlackElo "2058"]
[PlyCount "22"]
[EventDate "2018.03.01"]
[EventType "team-tourn"]
[EventRounds "10"]
[EventCountry "CUB"]
[EventCategory "1"]
[SourceTitle "CBM 195 Extra"]
[Source "ChessBase"]
[SourceDate "2020.05.31"]
[SourceVersion "1"]
[SourceVersionDate "2020.05.31"]
[SourceQuality "1"]

1. e4 e5 2. Nf3 Nc6 3. Bb5 Nf6 4. Nc3 d6 5. d4 exd4 6. Nxd4 Bd7 7. 0-0 Be7 8. Re1 Nxd4 9. Qxd4 Bxb5 10. Nxb5 a6 11. Nc3 0-0 1/2-1/2

[Event "Bayamo Cespedes tt"]
[Site "Bayamo"]
[Date "2018.03.05"]
[Round "9.1"]
[White "Morales Cedeno, Andres"]
[Black "Diaz Garcia, Mario Daniel"]
[Result "1/2-1/2"]
[WhiteElo "2058"]
[BlackElo "2153"]
[PlyCount "53"]
[EventDate "2018.03.01"]
[EventType "team-tourn"]
[EventRounds "10"]
[EventCountry "CUB"]
[EventCategory "1"]
[SourceTitle "CBM 195 Extra"]
[Source "ChessBase"]
[SourceDate "2020.05.31"]
[SourceVersion "1"]
[SourceVersionDate "2020.05.31"]
[SourceQuality "1"]

1. d4 Nf6 2. Nf3 e6 3. c4 d5 4. Nc3 c6 5. e3 Nbd7 6. Bd3 dxc4 7. Bxc4 b5 8. Bd3 Bd6 9. Ne4 Nxe4 10. Bxe4 Bb7 11. Bd2 b4 12. 0-0 0-0 13. Rc1 Rc8 14. Qb3 Nf6 15. Bd3 c5 16. dxc5 Rxc5 17. Rxc5 Bxc5 18. Rd1 Qb6 19. Be2 Rc8 20. Be1 h6 21. Ne5 a5 22. Qa4 Bd5 23. Nf3 Bc6 24. Qb3 Qb7 25. Qd3 a4 26. Qa6 Qxa6 27. Bxa6 1/2-1/2

[Event "Bayamo Cespedes tt"]
[Site "Bayamo"]
[Date "2018.03.05"]
[Round "8.3"]
[White "Morales Cedeno, Andres"]
[Black "Lavigne Lopez, Raul Leonardo"]
[Result "1-0"]
[WhiteElo "2058"]
[BlackElo "2155"]
[PlyCount "49"]
[EventDate "2018.03.01"]
[EventType "team-tourn"]
[EventRounds "10"]
[EventCountry "CUB"]
[EventCategory "1"]
[SourceTitle "CBM 195 Extra"]
[Source "ChessBase"]
[SourceDate "2020.05.31"]
[SourceVersion "1"]
[SourceVersionDate "2020.05.31"]
[SourceQuality "1"]

1. d4 Nf6 2. Nf3 e6 3. c4 b6 4. Nc3 Bb7 5. Bg5 d5 6. cxd5 exd5 7. e3 Nbd7 8. Bd3 Be7 9. Rc1 0-0 10. 0-0 Ne4 11. Bf4 Nxc3 12. Rxc3 c5 13. Ne5 c4 14. Bb1 Nxe5 15. Bxe5 b5 16. Bxg7 Kxg7 17. Qg4+ Bg5 18. f4 Bc8 19. Qg3 b4 20. Rcc1 h6 21. h4 f5 22. fxg5 hxg5 23. hxg5 Kg6 24. Rf4 Qxg5 25. Rg4 1-0

[Event "Bayamo Cespedes tt"]
[Site "Bayamo"]
[Date "2018.03.04"]
[Round "7.2"]
[White "Armesto Casali, Alejandro"]
[Black "Morales Cedeno, Andres"]
[Result "1/2-1/2"]
[WhiteElo "2083"]
[BlackElo "2058"]
[PlyCount "32"]
[EventDate "2018.03.01"]
[EventType "team-tourn"]
[EventRounds "10"]
[EventCountry "CUB"]
[EventCategory "1"]
[SourceTitle "CBM 195 Extra"]
[Source "ChessBase"]
[SourceDate "2020.05.31"]
[SourceVersion "1"]
[SourceVersionDate "2020.05.31"]
[SourceQuality "1"]

1. e4 e5 2. Nf3 Nc6 3. Bb5 a6 4. Bxc6 dxc6 5. d4 exd4 6. Qxd4 Qxd4 7. Nxd4 Bd7 8. 0-0 0-0-0 9. Nc3 Bb4 10. Be3 Nf6 11. f3 Rhe8 12. Rfe1 h6 13. Rad1 g5 14. Bf2 h5 15. Rd3 g4 16. Bh4 Be7 1/2-1/2

[Event "Bayamo Cespedes tt"]
[Site "Bayamo"]
[Date "2018.03.01"]
[Round "1.2"]
[White "Antunez, Soler Luis"]
[Black "Morales Cedeno, Andres"]
[Result "0-1"]
[WhiteElo "2148"]
[BlackElo "2058"]
[PlyCount "78"]
[EventDate "2018.03.01"]
[EventType "team-tourn"]
[EventRounds "10"]
[EventCountry "CUB"]
[EventCategory "1"]
[SourceTitle "CBM 195 Extra"]
[Source "ChessBase"]
[SourceDate "2020.05.31"]
[SourceVersion "1"]
[SourceVersionDate "2020.05.31"]
[SourceQuality "1"]

1. e4 e5 2. Nf3 Nc6 3. d4 exd4 4. Bc4 d6 5. Nxd4 g6 6. 0-0 Bg7 7. Nxc6 bxc6 8. Qf3 Qf6 9. Qg3 Ne7 10. Nc3 Be6 11. Bd3 h5 12. h4 Qd4 13. Ne2 Qb6 14. c3 Be5 15. Bf4 f6 16. Kh1 0-0-0 17. Nd4 Bd7 18. a4 g5 19. hxg5 h4 20. Qe3 Ng6 21. Bxe5 dxe5 22. Nc2 Nf4 23. a5 Qxe3 24. Ba6+ Kb8 25. fxe3 Nh5 26. Kg1 fxg5 27. Ra3 Be6 28. c4 Bc8 29. Rb3+ Ka8 30. Nb4 Ng3 31. Bxc8 Rxc8 32. Rf7 Rhf8 33. Rf2 Rxf2 34. Kxf2 Rb8 35. Rd3 Rxb4 36. a6 Nxe4+ 37. Kf3 Nc5 38. Rd8+ Rb8 39. Rd2 Nxa6 0-1

[Event "Bayamo Cespedes Memorial op"]
[Site "Bayamo"]
[Date "2017.03.05"]
[Round "6.9"]
[White "Morales Cedeno, Andres"]
[Black "Diaz Del Valle, Laura Beatriz"]
[Result "0-1"]
[WhiteElo "2092"]
[BlackElo "1954"]
[PlyCount "84"]
[EventDate "2017.03.01"]
[EventType "swiss"]
[EventRounds "9"]
[EventCountry "CUB"]
[SourceTitle "EXT 2023"]
[Source "ChessBase"]
[SourceDate "2022.10.05"]
[SourceVersion "1"]
[SourceVersionDate "2022.10.05"]
[SourceQuality "1"]

1. d4 d5 2. c4 e6 3. Nf3 c5 4. Nc3 Nc6 5. cxd5 exd5 6. dxc5 d4 7. Na4 Nf6 8. e3 Bg4 9. exd4 Bxf3 10. Qxf3 Nxd4 11. Qe3+ Be7 12. Bd3 Qa5+ 13. Nc3 Qxc5 14. 0-0 0-0 15. Qh3 Rad8 16. Re1 Rfe8 17. Be3 a6 18. Ne4 Nxe4 19. Bxe4 g6 20. b3 Qb4 21. Bxd4 Rxd4 22. Qf3 Bf8 23. Rf1 Rdxe4 24. h4 Rxh4 25. g3 Rhe4 26. Rad1 Re1 27. Kg2 Rxf1 28. Kxf1 Qe4 29. Qxe4 Rxe4 30. Rd7 Re7 31. Rd8 f5 32. b4 Kf7 33. a4 Bg7 34. b5 axb5 35. axb5 b6 36. Rd6 Rb7 37. Ke2 Bf8 38. Rc6 Bc5 39. f3 Ra7 40. g4 fxg4 41. fxg4 Ra5 42. Rc7+ Be7 0-1

[Event "Bayamo Cespedes Memorial op"]
[Site "Bayamo"]
[Date "2017.03.04"]
[Round "5.4"]
[White "Alvarez Calzadilla, Jose Avelino"]
[Black "Morales Cedeno, Andres"]
[Result "1-0"]
[WhiteElo "2079"]
[BlackElo "2092"]
[PlyCount "87"]
[EventDate "2017.03.01"]
[EventType "swiss"]
[EventRounds "9"]
[EventCountry "CUB"]
[SourceTitle "EXT 2023"]
[Source "ChessBase"]
[SourceDate "2022.10.05"]
[SourceVersion "1"]
[SourceVersionDate "2022.10.05"]
[SourceQuality "1"]

1. d4 d5 2. Nf3 Nf6 3. c4 e6 4. Nc3 Be7 5. cxd5 exd5 6. Bf4 c6 7. h3 0-0 8. e3 Qa5 9. Bd3 Ne4 10. Bxe4 dxe4 11. Nd2 f5 12. g4 Qb4 13. Qc2 Bh4 14. gxf5 Bxf5 15. Ncxe4 Bxe4 16. Qxe4 Bxf2+ 17. Kxf2 Qxd2+ 18. Kg3 Na6 19. Qg2 Qd3 20. Kh2 Rf6 21. Rhg1 g6 22. Rad1 Qb5 23. Be5 Rf7 24. h4 Raf8 25. Rd2 Qb4 26. a3 Qe7 27. Qg5 Qe6 28. Rdg2 Rf3 29. Rg3 Rf2+ 30. R1g2 Rxg2+ 31. Rxg2 Rf5 32. Qg4 Qf7 33. h5 Kf8 34. hxg6 hxg6 35. Qxg6 Qxg6 36. Rxg6 Rf2+ 37. Rg2 Rf7 38. Kg1 Ke7 39. Rg8 Ke6 40. e4 Nc7 41. Bxc7 Rxc7 42. Kf2 a5 43. Rh8 c5 44. Rh6+ 1-0